| 000 | 00703nam a2200205 a 4500 | ||
|---|---|---|---|
| 001 | 000034810 | ||
| 005 | 20200930073922.0 | ||
| 008 | 111020s1979 fr 000 0 fre d | ||
| 040 |
_aDO-SdBNP _bspa _cBNPHU |
||
| 082 |
_axxxx _bM435d |
||
| 100 | 1 |
_aMattelart, Armand _960314 |
|
| 245 | 1 | 0 |
_aDe l'usage des médias en temps de crise : _bles nouveaux profils des industries de la culture / _cArmand et Michele Mattelart. |
| 260 |
_aParis : _bAlain Moreau, _c1979. |
||
| 300 |
_a440 p. : _bil. ; _c21 cm. |
||
| 490 | 1 | _aTextualité | |
| 504 | _aIncluye referencias bibliográficas y notas al pie de las páginas. | ||
| 700 | 1 | 2 |
_aMattelart, Michele _960325 |
| 830 | 0 |
_aTextualité _960326 |
|
| 049 | _aBNGR | ||
| 999 |
_c34301 _d34301 |
||